| 000 | 00916cam a22001935a 4500 | ||
|---|---|---|---|
| 001 | L158104 | ||
| 008 | 140609s2014 xxk f 000 0 eng d | ||
| 035 | _a(Sirsi) u158104 | ||
| 041 | 0 | _aeng | |
| 110 | 2 |
_aCushman and Wakefield _9244 |
|
| 245 | 0 | 0 |
_aGlobal shopping centre development report _bAmericas, Europe and Asia _h[electronic resource] |
| 260 |
_aNew York _cCushman and Wakefield _b2014 |
||
| 490 | 0 |
_aGlobal shopping centre development report _bAmericas, Europe and Asia _vApril 2014 |
|
| 520 | _aOverview of opportunities for shopping center development in Americas, Europe and Asia. Notes new developments in the pipeline. | ||
| 651 | 4 | _aInternational | |
| 690 |
_aCommercial property _96227 |
||
| 856 | 4 | 0 |
_uhttps://www.cushmanwakefield.com/en/research-and-insight/2014/global-shopping-center-development-report-spring-2014/ _zView the item free of charge from the www.cushmanwakefield.com |
| 942 | _n0 | ||
| 999 |
_c115144 _d115144 |
||